Franklin D Roosevelt Trivia - Statistics

General Stats
  • This quiz has been taken 38 times
    27 since last reset
  • The average score is 8 of 10
Answer Stats
# Questions Answer % Correct
3 How many terms was Roosevelt elected to? 4
95%
4 What political party was Franklin D.Roosevelt part of? Democratic
95%
6 Who was FDR's 5th cousin, who also was a president Theodore Roosevelt
95%
2 What does the D stand for in his name? Delano
91%
5 What war started in 1939 that FDR broughtthe US into in 1941 after Japan attacked Hawaii? World War 2/WW2
86%
1 Roosevelt had 3 vice presidents. Name one of them James Nance Garner/Henry A. Wallace/Harry S. Truman
82%
7 Big economic issue that was started by the president before FDR Great Depression
73%
8 Who did FDR marry? Eleanor Roosevelt
68%
9 Roosevelt died in 1945 of what? Polio
55%
10 Name one of the two states that FDR didnot win in the 1936 election Maine/Vermont
36%
No matching quizzes found
Score Distribution
Percent of People with Each Score
Percentile by Number Answered
Your Score History
You have not taken this quiz since the last reset